000 00342nam a2200145Ia 4500
008 150201s2004 xx 000 0 und d
082 _a157.94
_bN2004C
100 _aCARR,JANET
245 _aNEUROLOGICAL REHABILITATION
250 _a1ST
260 _bELSEVIER
_aDELHI
_c2004
300 _a1-475
650 _aPHYSIOTHERAPY
942 _2ddc
_cBK
999 _c4305
_d4305